000
00236nam a2200109Ia 4500
005
20251222144840.0
008
251222s9999||||xx |||||||||||||| ||spa||
082
_a
320.531.2/D61
245
0
_a
Seminario:
264
_b
IESC
942
_c
LIB
999
_c
21186
_d
21186